| 000 | 01007 a2200301 4500 | ||
|---|---|---|---|
| 999 |
_c200128934 _d6730 |
||
| 001 | 200128934 | ||
| 003 | TR-AnTOB | ||
| 005 | 20200303153533.0 | ||
| 008 | 130408s2011 tu 000 0 | ||
| 020 | _a9786055426644 | ||
| 040 |
_aTR-AnTOB _cTR-AnTOB |
||
| 041 | _atur | ||
| 050 |
_aJZ1318 _bA35 2011 |
||
| 090 | _aJZ1318 A35 2011 | ||
| 100 |
_aAdıgüzel, Muhittin _987809 |
||
| 245 | 1 | 0 |
_aEkonomik, kültürel ve politik küreselleşme sonuçları / _cMuhittin Adıgüzel ; Muhittin Adıgüzel. |
| 264 | 1 |
_aAnkara: _bNobel Akademik Yayıncılık, _c2011 |
|
| 300 |
_a504 s. ; _c24 cm. |
||
| 336 |
_2rdacontent _atext _btxt |
||
| 337 |
_2rdamedia _aunmediated _bn |
||
| 338 |
_2rdacarrier _avolume _bnc |
||
| 490 | 0 |
_aNobel Akademik Yayıncılık ; _v65 _aİktisadi - İdari Bilimler ; _v14 |
|
| 504 | _aIncludes bibliographical references : 375-404. ss | ||
| 650 | 0 |
_aKüreselleşme _xEkonomik yönleri _985802 |
|
| 650 | 0 |
_aGlobalization _xEconomic aspects _91906 |
|
| 942 |
_cBK _2lcc |
||